000 05486nam a2200265Ia 4500
003 OSt
005 20240705164353.0
008 210719s2020 xx 000 0 und d
020 _a978-81-947424-4-9
040 _cAL
041 _akan
082 _aT894.8 BENT
100 _aBENET AMMANNA (G)
_9172478
_dಬೆನೆಟ್ ಅಮ್ಮನ್ನ (ಜಿ)
245 _aTulunadinalii basel mission mattitara lekhanagalu
_bತುಳುನಾಡಿನಲಿ ಬಾಸೆಲ್ ಮಿಷನ್ ಮತ್ತಿತರ ಲೇಖನಗಳು
260 _aRamanagara
_c2020
300 _axiv,211
_bPB
365 _b200
_cRs
520 _aಪ್ರಸ್ತುತ ಕೃತಿಯ ಶಿರೋನಾಮೆಯು ಅತ್ಯಂತ ಸೂಕ್ತವಾಗಿದ್ದು ಇಲ್ಲಿನ ಇಪ್ಪತ್ತೇಳು ಲೇಖನಗಳಲ್ಲಿ ಇಪ್ಪತ್ತು ಲೇಖನಗಳು ಬಾಸೆಲ್ ಮಿಶನ್‌ನ ವಿವಿಧ ಆಯಾಮಗಳ ಕೊಡುಗೆಗೆ ಸಂಬಂಧಪಟ್ಟವುಗಳಾಗಿವೆ. ಈ ಲೇಖನಗಳಲ್ಲಿ ಲೇಖಕರು ಬಾಸೆಲ್ ಮಿಶನ್ ಸಂಸ್ಥೆಯು ಮುದ್ರಣ, ಸಂಸ್ಕೃತಿ, ಶಿಕ್ಷಣ, ಮಾಧ್ಯಮ, ಕನ್ನಡ ತುಳು ಸಾಹಿತ್ಯ, ಕೃಷಿ, ಮುಂತಾದ ಕ್ಷೇತ್ರದಲ್ಲಿ ನೀಡಿದ ಕೊಡುಗೆಯನ್ನು ವಿವರವಾಗಿ ಚರ್ಚಿಸಿದ್ದಾರೆ. ತುಳುನಾಡಿನಲ್ಲಿ ಬಿಲ್ಲವರು ಕ್ರೈಸ್ತರಾಗಲು ಕಾರಣವೇನು, ಮಹಿಳೆಯರ, ಶೈಕ್ಷಣಿಕವಾಗಿ ಹಿಂದುಳಿದವರ ಅಭಿವೃದ್ಧಿ, ಸ್ವದೇಶಾಭಿಮಾನ, ಸ್ವಾವಲಂಬನೆ, ವಿದೇಶಿಯರೊಂದಿಗೆ ದೇಶಿಯರು, ಸ್ವಾತಂತ್ರ್ಯ ಚಳುವಳಿ ಮುಂತಾದ ವಿಚಾರಗಳನ್ನು ಅನೇಕ ಅನನ್ಯ ಅಂಶಗಳೊಂದಿಗೆ ಅವರು ದಾಖಲಿಸಿದ್ದಾರೆ. ಇದರೊಂದಿಗೆ ಸಾಂದರ್ಭಿಕವಾಗಿ ಕ್ರಿಸ್ಮಸ್ ಹಬ್ಬದ ಆಚರಣೆ, ಕ್ರೈಸ್ತರ ಪಾರಂಪರಿಕ ಜ್ಞಾನ, ಆಧುನಿಕತೆಯಿಂದ ನಶಿಸುತ್ತಿರುವ ಕಸುಬುಗಳು, ಚರಿತ್ರೆಯಲ್ಲಿ ಸ್ಮರಣ ಸಂಚಿಕೆಗಳ ಪಾತ್ರ, ಓದುವಿಕೆ ಮತ್ತು ಗ್ರಂಥ ಸಂರಕ್ಷಣೆಯ ವಿಧಾನ ಮೊದಲಾದ ವೈಶಿಷ್ಟ್ಯಪೂರ್ಣ ಲೇಖನಗಳು ಇಲ್ಲಿವೆ. ತುಳುನಾಡಿನ ಹಲವು ಮೊದಲುಗಳ ಬಗ್ಗೆ ಬೆಳಕು ಚೆಲ್ಲುವ ಈ ಕೃತಿ ವಿದೇಶಿಯರ ಕೊಡುಗೆಗಳ ಬಗೆಗಿನ ಹತ್ತುಹಲವು ಆಕರಗಳನ್ನು ತೆರೆದಿಡುತ್ತದೆ.
521 _a ಪರಿವಿಡಿ • ತುಳುನಾಡಿನಲ್ಲಿ ಬಾಸೆಲ್ ಮಿಶನ್ • ತುಳುನಾಡಿನ ಮೊದಲ ಮುದ್ರಣಾಲಯ(1841) • ತುಳು ಭಾಷೆದ ಬುಳೆಚ್ಚಿಲ್ ಬೊಕ್ಕ ಬಾಸೆಲ್ ಮಿಶನ್ • ತುಳು ಬಾಸೆಡ್ ಪ್ರಕಟವಾಯಿನ ಸುರುತ ಪಾಡ್ಡನ ಸಂಗ್ರಹ (1886) • 5 . ತುಳು ಬಾಸೆದ ಸುರುತ್ತ ವ್ಯಾಕರಣ (1872) • ಕನ್ನಡ ಪತ್ರಿಕೋದ್ಯಮದ ಮೊದಲ ದಿನಗಳು (1843) • ತುಳು ಜಿಲ್ಲೆಯಲ್ಲಿ ಪತ್ರಿಕೋದ್ಯಮ ಮತ್ತು ಕೆಲವು ಕ್ರೈಸ್ತ ಪತ್ರಿಕೆಗಳಲ್ಲಿ ತುಳುನಾಡು • ತುಳುನಾಡಿನಲ್ಲಿ ಮೊದಲ ಪ್ರಾಥಮಿಕ ಶಾಲೆ (1836) • ಬಾಸೆಲ್ ಮಿಶನ್ ನಂತರದ ದೇಶೀಯ ಸಹಾಯಕ ಸಂಘ ಸಂಸ್ಥೆಗಳು • ಮಂಗಳೂರಿನಲ್ಲಿ ಬ್ರಿಟೀಷರು ನಿರ್ಮಿಸಿದ ಸಂತ ಪೌಲನ ದೇವಾಲಯ (1843) • ಮಿಶನರಿ ಸಾಹಿತ್ಯ ಮಾಹಿತಿ ಕೋಶ ಡಾ. ಶ್ರೀನಿವಾಸ್ ಹಾವನೂರು-ಒಂದು ನೆನಪು • ತುಳು ಭಾಷೆ ಮತ್ತು ಕ್ರೈಸ್ತರು • ಸ್ವಾತಂತ್ರ್ಯ ಪೂರ್ವೊದ ತುಳುನಾಡ ಸಾಹಿತಿಳು ಬೊಕ್ಕ ಸ್ವಾತಂತ್ರ್ಯ ಚಳವಳಿಡ್ ತುಳುನಾಡ್ • ಬಿಲ್ಲವರು ಕ್ರೈಸ್ತರಾಗಲು ಕಾರಣಗಳು ಮತ್ತು ನಂತರದ ಸಮಸ್ಯೆಗಳು • ಸ್ವಾತಂತ್ರ್ಯಪೂರ್ವ ಪಠ್ಯಗಳಲ್ಲಿ ಭಾಷೆ • ಬಾಸೆಲ್ ಮಿಶನ್ ಮತ್ತು ಬುಡಕಟ್ಟು ಜನಾಂಗ • ಬಾಸೆಲ್ ಮಿಶನ್ ಮತ್ತು ಮಹಿಳೆಯರ ವಿದ್ಯಾಭ್ಯಾಸ • ಬಾಸೆಲ್ ಮಿಶನ್ನ ಸೇವೆಯಲ್ಲಿ ಕೃಷಿ, ವಸತಿ, ಸ್ವಾವಲಂಬನೆ
650 _aKannada literature
_9172479
650 _aKannada Miscellaneous
_9172480
650 _aBasel Mission in Tulunad and other Research Articles
_9172481
906 _abasel ; lekhanagalu ; mattitara ; mishan ; mission ; Tulunadinalii
942 _2ddc
_cBK
999 _c211860
_d211860